[Event "Forchheim op-B 11th"]
[Site "Forchheim"]
[Date "2012.09.28"]
[Round "1"]
[White "Stephan, Michael"]
[Black "Majewski, Tomek"]
[Result "1-0"]
[WhiteElo "1867"]
[BlackElo "2014"]
[PlyCount "91"]
[EventDate "2012.09.28"]
[EventType "swiss"]
[EventRounds "5"]
[EventCountry "GER"]
[SourceTitle "EXT 2019"]
[Source "ChessBase"]
[SourceDate "2018.10.10"]
[SourceVersion "1"]
[SourceVersionDate "2018.10.10"]
[SourceQuality "1"]

1. e4 e5 2. Nf3 Nc6 3. Bb5 a6 4. Ba4 Nf6 5. 0-0 b5 6. Bb3 Be7 7. Re1 d6 8. h3 0-0 9. c3 Na5 10. Bc2 c5 11. d4 cxd4 12. cxd4 Qc7 13. Nc3 b4 14. Ne2 Bd7 15. Ng3 Rfc8 16. Bb1 h6 17. Nh4 exd4 18. Nhf5 Bf8 19. Qxd4 Ne8 20. Qxb4 Rab8 21. Qd4 Qxc1 22. Rxc1 Rxc1+ 23. Kh2 Rbc8 24. Qd2 Nb7 25. Ne2 Rf1 26. Neg3 Rfc1 27. Ne3 g6 28. Ne2 R1c5 29. Nd5 Be6 30. Nec3 Kh7 31. Bd3 Nc7 32. Nb6 Rd8 33. Qe2 a5 34. Nca4 Rh5 35. f4 Re8 36. g4 Rh4 37. Kg3 g5 38. f5 Bd5 39. Qc2 Nc5 40. Nxc5 dxc5 41. Nxd5 Nxd5 42. Qc4 Bd6+ 43. Kf2 Re5 44. Bf1 Nf4 45. Qxf7+ Kh8 46. Qf6+ 1-0